Tabiyat: (Record no. 156744)
[ view plain ]
| 000 -LEADER | |
|---|---|
| fixed length control field | 00594nam a22001817a 4500 |
| 005 - DATE AND TIME OF LATEST TRANSACTION | |
| control field | 20180831103530.0 |
| 010 ## - LCCN (DPL NO) | |
| LC control number | ENG-123941 |
| 020 ## - INTERNATIONAL STANDARD BOOK NUMBER | |
| International Standard Book Number | 9780199480159 |
| Terms of availability | 695.00 |
| 035 ## - SYSTEM CONTROL NUMBER | |
| System control number | EN-107473 |
| 037 ## - SOURCE OF ACQUISITION | |
| Source of stock number/acquisition | DBAD/PUB |
| 082 ## - DEWEY DECIMAL CLASSIFICATION NUMBER | |
| Classification number | 610.9 |
| 100 ## - MAIN ENTRY--PERSONAL NAME | |
| Personal name | Udwadia, Farokh Erach |
| 245 ## - TITLE STATEMENT | |
| Title | Tabiyat: |
| Statement of responsibility, etc | by Farokh Erach Udwadia |
| Remainder of title | Medicine and healing in india and other essays / |
| 260 ## - PUBLICATION, DISTRIBUTION, ETC. (IMPRINT) | |
| Date of publication, distribution, etc | 2018 |
| Place of publication, distribution, etc | New Delhi |
| Name of publisher, distributor, etc | Oxford University Press |
| 270 ## - ADDRESS | |
| Address | 2/11, Ground Floor, Ansari Road, Daryaganj, |
| City | New Delhi |
| Postal code | 110002 |
| 300 ## - PHYSICAL DESCRIPTION | |
| Dimensions | 22cm(Hb) |
| Extent | xi,210p. |
| 942 ## - ADDED ENTRY ELEMENTS (KOHA) | |
| Item type | English Books |
| Source of classification or shelving scheme | Dewey Decimal Classification |
| Call number suffix | UDW |
| Classification part | 610.9 |
| Withdrawn status | Lost status | Not for loan | Collection code | Home library | Current library | Date acquired | Source of acquisition | Cost, normal purchase price | Full call number | Barcode | Copy number | Cost, replacement price | Koha item type |
|---|---|---|---|---|---|---|---|---|---|---|---|---|---|
| Not For Loan | Non-fiction | D.B.Act.Division | Bawana | 31/08/2018 | DBAD/PUB | 695.00 | 610.9 UDW | EN-107473 | 1 | 695.00 | English Books |
